| 000 | 00590cam a22002291 4500 | ||
|---|---|---|---|
| 001 | sa 64008108 | ||
| 003 | DLC | ||
| 005 | 20260227112052.0 | ||
| 008 | 941010s1962 ii 000 0 orio | ||
| 010 | _asa 64008108 | ||
| 025 | _aPL480:I-O-165 | ||
| 035 | _a(OCoLC)31253654 | ||
| 040 |
_aDLC _cCU _dCU _dDLC |
||
| 042 | _apremarc | ||
| 050 | 0 | 0 |
_aLB3011 _b.S46 |
| 100 | 1 | _aShaḍaṅgī, Kāśinātha. | |
| 245 | 1 | 0 | _aĀdarśa bidyāḷaẏa paricāḷanā. |
| 260 | _c[1962] | ||
| 300 |
_a2, 94 p. _c19 cm. |
||
| 500 | _aIn Oriya. | ||
| 650 | 0 | _aSchool management and organization. | |
| 999 |
_c60698 _d60698 |
||